Mercado laboral y pobreza en Centroamérica: ganadores y perdedores del ajuste estructural /

Evalúa la situación del mercado laboral en Nicaragua tomando en consideración las características del mercado de trabajo y la situación de la pobreza en los períodos de 1985 y 1993, con la aplicación del método de medición de la pobreza denominado"línea de pobreza". Se utilizan los datos d...

Ausführliche Beschreibung

Gespeichert in:
Bibliographische Detailangaben
1. Verfasser: Funkhouser, Edward
Weitere Verfasser: Pérez Sáinz, Juan Pablo
Format: Unbekannt
Veröffentlicht: San José: FLACSO. Programa Costa Rica
Schlagworte:
Tags: Tag hinzufügen
Keine Tags, Fügen Sie den ersten Tag hinzu!

MARC

LEADER 00000 a2200000 04500
001 11768
003
008 991231s d
040
090 |a 140805  
100 |a Funkhouser, Edward  
245 |a Mercado laboral y pobreza en Centroamérica: ganadores y perdedores del ajuste estructural /  |c Edward Funkhouser 
260 |a San José:   |b FLACSO. Programa Costa Rica  
300 |a 376 p  
520 |a Evalúa la situación del mercado laboral en Nicaragua tomando en consideración las características del mercado de trabajo y la situación de la pobreza en los períodos de 1985 y 1993, con la aplicación del método de medición de la pobreza denominado"línea de pobreza". Se utilizan los datos de la Encuesta Socio Demográfica Nicaragüense realizada a lo largo de 1985, momento en que la crisis y el efecto distorcionador de la guerra civil, repercutían sobre el Gobierno Sandinista, además, la información de la Encuesta de Medición de Nivel de Vida de 1993, que se llevó a cabo paralela a la negociación oficial del proceso de ajuste estructural. La hipótesis se centra en que la crisis económica de estos años ha afectado la correlación pobreza-mercado de trabajo, considerando que el período incluye la puesta en marcha y efectos del primer plan de ajuste impulsado en el país por el Gobierno Sandinista. REV/LCL  
650 |a MERCADO DE TRABAJO  
650 |a AJUSTE ESTRUCTURAL  
650 |a EMPLEO  
650 |a INGRESOS DE HOGARES  
650 |a POBREZA  
650 |a EMPLEO  
650 |a INGRESOS DE HOGARES  
650 |a POBREZA  
700 |a Pérez Sáinz, Juan Pablo  
999 |c 16998  |d 16998